[Event "Odense-chC"]
[Site "Odense"]
[Date "2014.10.11"]
[Round "1"]
[White "Bindzus, Niels"]
[Black "Thogersen, Rasmus"]
[Result "1-0"]
[WhiteElo "2182"]
[BlackElo "2160"]
[PlyCount "45"]
[EventDate "2014.10.11"]
[EventType "tourn"]
[EventRounds "5"]
[EventCountry "DEN"]
[SourceTitle "EXT 2018"]
[Source "ChessBase"]
[SourceDate "2017.10.13"]
[SourceVersion "1"]
[SourceVersionDate "2017.10.13"]
[SourceQuality "1"]

1. e4 c5 2. Nf3 d6 3. Bb5+ Bd7 4. Bxd7+ Qxd7 5. 0-0 Nf6 6. Qe2 Nc6 7. Rd1 g5 8. c3 g4 9. Nh4 Qe6 10. d3 d5 11. Nd2 0-0-0 12. Nb3 dxe4 13. Nxc5 Qe5 14. d4 Qh5 15. Qb5 Rd7 16. Bf4 e6 17. Be5 a6 18. Nxa6 Qxh4 19. c4 Bd6 20. Bxd6 Rxd6 21. d5 Qh5 22. Qb6 bxa6 23. dxc6 1-0

[Event "Horsens op"]
[Site "Horsens"]
[Date "2011.07.??"]
[Round "3"]
[White "Bindzus, Niels"]
[Black "Fries Nielsen, Jens Ove"]
[Result "1-0"]
[WhiteElo "2106"]
[BlackElo "2386"]
[PlyCount "86"]
[EventDate "2011.07.??"]
[EventType "swiss"]
[EventRounds "7"]
[EventCountry "DEN"]
[SourceTitle "EXT 2012"]
[Source "ChessBase"]
[SourceDate "2011.11.24"]
[SourceVersion "1"]
[SourceVersionDate "2011.11.24"]
[SourceQuality "1"]

1. d4 c5 2. e4 e6 3. Bd3 h6 4. Ne2 Nc6 5. d5 Ne5 6. c4 Nf6 7. f4 Nxd3+ 8. Qxd3 exd5 9. cxd5 d6 10. Nbc3 Nd7 11. Qg3 Be7 12. 0-0 Bf6 13. e5 dxe5 14. fxe5 Bxe5 15. Bf4 Qe7 16. d6 Qe6 17. Nb5 0-0 18. Nc7 Qxd6 19. Nxa8 Qb8 20. Rad1 Re8 21. Rxd7 Bxd7 22. Bxe5 Qxe5 23. Qxe5 Rxe5 24. Nc3 Bc6 25. Nc7 Re7 26. N7d5 Re5 27. Rf5 Re8 28. Nc7 Re1+ 29. Kf2 Rc1 30. Kg3 g6 31. Rf2 Kg7 32. N3b5 a6 33. Nd6 f5 34. Re2 Rd1 35. Re6 Rd3+ 36. Kf4 g5+ 37. Kxf5 Bd7 38. Nce8+ Kf8 39. Nf6 Bxe6+ 40. Kxe6 Rd2 41. Nd7+ Kg7 42. Nf5+ Kh7 43. g4 h5 1-0

[Event "North Sea Cup 22nd"]
[Site "Esbjerg"]
[Date "2007.07.20"]
[Round "10"]
[White "Dyrgaard, Kristoffer"]
[Black "Bindzus, Niels"]
[Result "1-0"]
[WhiteElo "2205"]
[BlackElo "2081"]
[PlyCount "51"]
[EventDate "2007.07.13"]
[EventType "swiss"]
[EventRounds "10"]
[EventCountry "DEN"]
[SourceTitle "CBM 119 Extra"]
[Source "ChessBase"]
[SourceDate "2007.09.04"]
[SourceVersion "1"]
[SourceVersionDate "2007.09.04"]
[SourceQuality "1"]

1. e4 c5 2. Nf3 d6 3. d4 cxd4 4. Nxd4 Nf6 5. Nc3 a6 6. Bg5 e6 7. f4 Nbd7 8. Qf3 Qc7 9. 0-0-0 b5 10. Bd3 Be7 11. Rhe1 Bb7 12. Qg3 b4 13. Nd5 exd5 14. exd5 Bxd5 15. Nf5 Kd8 16. Nxe7 Bxa2 17. Bxf6 gxf6 18. Qf3 Rc8 19. Nxc8 Nc5 20. Bc4 Bxc4 21. Rxd6+ Nd7 22. Rxd7+ Kxd7 23. Re7+ Kxc8 24. Qa8+ Qb8 25. Qc6+ Kd8 26. Qd7# 1-0

[Event "DEN-chB"]
[Site "Horsens"]
[Date "2003.04.18"]
[Round "4"]
[White "Aabling Thomsen, Jakob"]
[Black "Bindzus, Niels"]
[Result "1/2-1/2"]
[WhiteElo "2122"]
[BlackElo "2013"]
[PlyCount "25"]
[EventDate "2003.04.15"]
[EventType "swiss"]
[EventRounds "7"]
[EventCountry "DEN"]
[SourceTitle "EXT 2005"]
[Source "ChessBase"]
[SourceDate "2004.11.15"]
[SourceVersion "1"]
[SourceVersionDate "2004.11.15"]
[SourceQuality "1"]

1. e4 c5 2. Nf3 d6 3. d4 cxd4 4. Nxd4 Nf6 5. Nc3 a6 6. Bg5 e6 7. f4 Nbd7 8. Qf3 Qc7 9. 0-0-0 b5 10. e5 Bb7 11. Qh3 dxe5 12. Nxe6 fxe6 13. Qxe6+ 1/2-1/2